[Event "Medellin IRT op"]
[Site "Medellin"]
[Date "2012.08.06"]
[Round "6"]
[White "Avilez, Walter"]
[Black "Agudelo, Carlos Hernan"]
[Result "0-1"]
[WhiteElo "1640"]
[BlackElo "2044"]
[PlyCount "82"]
[EventDate "2012.08.03"]
[EventType "swiss"]
[EventRounds "9"]
[EventCountry "COL"]
[SourceTitle "CBM 149 Extra"]
[Source "ChessBase"]
[SourceDate "2012.08.24"]
[SourceVersion "1"]
[SourceVersionDate "2012.08.24"]
[SourceQuality "1"]

1. d4 f5 2. Bg5 Nf6 3. Bxf6 exf6 4. e3 d5 5. Ne2 Bb4+ 6. c3 Bd6 7. c4 dxc4 8. Qa4+ Bd7 9. Qxc4 Nc6 10. Nbc3 Qe7 11. a3 a6 12. g3 Be6 13. Qa4 Bd7 14. Qc2 0-0 15. Bg2 Kh8 16. h4 Rab8 17. h5 Qf7 18. Nd5 Ne7 19. Nef4 Bxf4 20. Nxf4 c6 21. Bf1 b5 22. Bd3 Kg8 23. g4 Nd5 24. Bxf5 Bxf5 25. Qxf5 Nxf4 26. Qxf4 Qc4 27. h6 Rb7 28. Qf3 Re7 29. Qe2 Qd5 30. Rh5 g5 31. 0-0-0 Rfe8 32. Rh3 b4 33. Qxa6 bxa3 34. Qxa3 Qg2 35. Qb3+ Kh8 36. Rhh1 Ra8 37. Rhf1 Qxg4 38. Qc3 Qe2 39. Qd2 Qc4+ 40. Qc2 Qd5 41. Qc5 Qe4 0-1

[Event "Medellin IRT op"]
[Site "Medellin"]
[Date "2012.08.06"]
[Round "7"]
[White "Munoz Monroy, Cinthya Carolina"]
[Black "Avilez, Walter"]
[Result "1/2-1/2"]
[WhiteElo "1831"]
[BlackElo "1640"]
[PlyCount "94"]
[EventDate "2012.08.03"]
[EventType "swiss"]
[EventRounds "9"]
[EventCountry "COL"]
[SourceTitle "CBM 149 Extra"]
[Source "ChessBase"]
[SourceDate "2012.08.24"]
[SourceVersion "1"]
[SourceVersionDate "2012.08.24"]
[SourceQuality "1"]

1. e4 e6 2. d4 d5 3. e5 c5 4. c3 Nc6 5. Nf3 Qb6 6. Bd3 Bd7 7. 0-0 cxd4 8. cxd4 Nxd4 9. Nxd4 Qxd4 10. Nc3 a6 11. Qe2 Ne7 12. Rd1 Nc6 13. Bb5 Qb6 14. Ba4 Bc5 15. Bf4 0-0 16. Bc2 Nd4 17. Bxh7+ Kxh7 18. Qh5+ Kg8 19. Rd3 f6 20. Rh3 Nf5 21. exf6 Bxf2+ 22. Kh1 Bh4 23. fxg7 Rfe8 24. Be5 Qd8 25. Rf1 Qg5 26. Qh8+ Kf7 27. Qxh4 Qxh4 28. Rxh4 Kg6 29. Rg4+ Kf7 30. Bd6 Kg8 31. Bf8 Ne3 32. Rh4 Rxf8 33. Rxf8+ Rxf8 34. gxf8Q+ Kxf8 35. Rh7 Bc6 36. Ne2 e5 37. h4 d4 38. Rh5 Bxg2+ 39. Kg1 Bf3 40. Rxe5 Bxe2 41. Re4 d3 42. Kf2 Nd1+ 43. Ke1 Nxb2 44. Rb4 Nd1 45. Rxb7 Nc3 46. Kd2 Ne4+ 47. Ke3 Nd6 1/2-1/2

[Event "Medellin IRT op"]
[Site "Medellin"]
[Date "2012.08.05"]
[Round "4"]
[White "Avilez, Walter"]
[Black "Castano, Jhon Edison"]
[Result "0-1"]
[WhiteElo "1640"]
[BlackElo "2057"]
[PlyCount "46"]
[EventDate "2012.08.03"]
[EventType "swiss"]
[EventRounds "9"]
[EventCountry "COL"]
[SourceTitle "CBM 149 Extra"]
[Source "ChessBase"]
[SourceDate "2012.08.24"]
[SourceVersion "1"]
[SourceVersionDate "2012.08.24"]
[SourceQuality "1"]

1. d4 Nf6 2. Nf3 g6 3. c4 Bg7 4. Nc3 d5 5. Bf4 0-0 6. e3 c5 7. Be2 cxd4 8. Nxd4 Ne4 9. Nxe4 dxe4 10. Bxb8 Rxb8 11. 0-0 Qa5 12. Qc2 Qe5 13. Rfd1 f5 14. Rab1 f4 15. exf4 Qxf4 16. Bf1 e3 17. Nf3 Bf5 18. Bd3 Bg4 19. fxe3 Qxe3+ 20. Qf2 Qf4 21. Be2 e5 22. Qe1 e4 23. Nh4 Qe3+ 0-1

[Event "Medellin Cuartas Memorial B"]
[Site "Medellin"]
[Date "2011.08.07"]
[Round "8.21"]
[White "Guizao, Jefferson"]
[Black "Avilez, Walter"]
[Result "1-0"]
[WhiteElo "1719"]
[BlackElo "1600"]
[PlyCount "43"]
[EventDate "2011.08.03"]
[EventType "swiss"]
[EventRounds "8"]
[EventCountry "COL"]
[SourceTitle "EXT 2024"]
[Source "ChessBase"]
[SourceDate "2023.10.10"]
[SourceVersion "1"]
[SourceVersionDate "2023.10.10"]
[SourceQuality "1"]

1. e4 c5 2. Nf3 a6 3. c4 d6 4. Nc3 Nf6 5. d4 cxd4 6. Nxd4 b6 7. f3 Bb7 8. Be2 g6 9. Be3 Bg7 10. 0-0 0-0 11. Rc1 Nbd7 12. Qd2 Re8 13. Rfd1 Rc8 14. Kh1 Ne5 15. Nd5 h5 16. Nb3 Nxd5 17. cxd5 Nd7 18. Nd4 Nb8 19. f4 b5 20. f5 Nd7 21. fxg6 fxg6 22. Ne6 1-0